| 000 | 00468nam a22001697a 4500 | ||
|---|---|---|---|
| 005 | 20241025123424.0 | ||
| 008 | 241025b |||||||| |||| 00| 0 eng d | ||
| 020 | _a9988-0-2002-3 | ||
| 050 |
_aKF889.5 ADJ _b1 |
||
| 100 |
_aMensah-Adjei, K. _d2011 |
||
| 245 |
_aQuestions & Answers on Business Law _hText |
||
| 250 | _aSecond | ||
| 260 |
_aCantonment, Accra. _bAdjei-Mensah, K. _c2011 |
||
| 300 |
_axi, 162 pages _c20.5 cm |
||
| 650 | _2Business Law | ||
| 942 |
_2lcc _cBK _n0 |
||
| 999 |
_c188 _d188 |
||